000
003240000a22001450004500
060
_a
100
082
_a
589.204 524 9 GAR
100
_a
Garrett, S D
245
_a
Biology of root infecting fungi
260
_a
Cambridge University Press
260
_c
1960
300
_a
XI+292
650
_a
Fungi Biology
942
_c
BK
999
_c
351997
_d
351997